Alternatívne možnosti účtovania, oceňovania a vykazovania podľa účtovných štandardov bakalárska práca

Gespeichert in:
Bibliographische Detailangaben
1. Verfasser: Spišiak, Peter
Körperschaft: Fakulta hospodárskej informatiky EU. Katedra účtovníctva a audítorstva
Weitere Verfasser: Husárová, Stanislava
Format: Buch
Sprache:Slowakisch
Veröffentlicht: Bratislava 2010
Tags: Tag hinzufügen
Keine Tags, Fügen Sie das erste Tag hinzu!

MARC

LEADER 00000nbm a2200000 4500
001 0133724
005 20240111124251.5
041 0 |a slo 
044 |a SK 
245 1 0 |a Alternatívne možnosti účtovania, oceňovania a vykazovania podľa účtovných štandardov  |b bakalárska práca  |c Peter Spišiak ; školiteľ: Stanislava Husárová 
264 1 |a Bratislava  |c 2010 
300 |a 47 s. 
100 1 |a Spišiak, Peter 
700 1 |a Husárová, Stanislava 
710 2 |a Fakulta hospodárskej informatiky EU. Katedra účtovníctva a audítorstva